| 000 | 00545nam a22001697a 4500 | ||
|---|---|---|---|
| 005 | 20260114184552.0 | ||
| 008 | 260114b |||||||| |||| 00| 0 eng d | ||
| 020 | _a9789355517395 | ||
| 041 | _aEng | ||
| 082 | _a005.54 RAI | ||
| 100 | _aRaimato,Dominick | ||
| 245 | _aThe Ultimate Power Query Cookbook for Power BI and Excel: Leveraging Power Query for Collecting, Combining and transforming your data | ||
| 260 |
_aNew Dehli _bBPB Publications _c2024 |
||
| 300 | _a377;. P. 23 cm | ||
| 650 | _aMicrosoft Excel,Data Processing | ||
| 942 | _cBK | ||
| 999 |
_c46519 _d46519 |
||